000 01019nam a2200229Ia 4500
001 L264-20335
003 IT-CnALBA
008 170116s9999||||xx |||||||||||||| ||und||
040 _aIT-CnALBA
_cIT-CnALBA
041 _aITALIANO
100 _aMICHONNEAU G.
245 0 _aMESSALINO DELLA PARROCCHIA.
250 _a3a ed.
260 _aCINISELLO BALSAMO (MI)
_bEDIZIONI PAOLINE
_c1963 [1° Ed.: - Ed.Ling.Originale: 1954]
300 _a381 p.
500 _aTRADUAIONE DAL FRANCESE DI LINO BARACCO. PROPRIO DEL TEMPO. PROPRIO DEI SANTI. COMUNE DEI SANTI. ALCUNE FUNZIONI PARTICOLARI. ORAZIONI DEL BUON CRISTIANO. BENEDIZIONI.
501 _aSocietà San Paolo EM - Piazza San Paolo, 14 - 12051 ALBA (CN) (non commercial uses only) ® Copyright 2017
520 _aTRADUAIONE DAL FRANCESE DI LINO BARACCO. PROPRIO DEL TEMPO. PROPRIO DEI SANTI. COMUNE DEI SANTI. ALCUNE FUNZIONI PARTICOLARI. ORAZIONI DEL BUON CRISTIANO. BENEDIZIONI.
650 _aCULTO PUBBLICO LITURGIA
942 _cBK
957 _71
999 _a25074
_bNO
_g Copie: 1
_c279454
_d279454